000 00318nam a2200121Ia 4500
008 191201s2006 xx 000 0 und d
100 _aRAMACHANDRAN, S
245 0 _aAmbedkar 's Versatile Contributions
260 _aN. delhi
_bAmbedkar Centre Chennai
_c2006
300 _a162
650 _aGeneral Books
942 _2ddc
_cBK
999 _c746
_d746